Vista normal Vista MARC

Entrada Materia (tema)

Número de registros utilizados en: 1

001 - CONTROL NUMBER

  • control field: 48042

003 - CONTROL NUMBER IDENTIFIER

  • control field: Co-BoUCM

005 - DATE AND TIME OF LATEST TRANSACTION

  • control field: 20131011133802.0

008 - FIXED-LENGTH DATA ELEMENTS

  • fixed length control field: 131011|| aca||aabn | a|a d

040 ## - CATALOGING SOURCE

  • Original cataloging agency: Co-BoUCM
  • Transcribing agency: Co-BoUCM

150 ## - HEADING--TOPICAL TERM

  • Topical term or geographic name as entry element: Enfermedades de los músculos
  • General subdivision: Tratamiento

670 ## - SOURCE DATA FOUND

  • Source citation: Work cat.: (Co-BoUCM)181690: Zamora Zárate, Eduardo 47709, Movilización neuromeníngea, 2013